| 000 | 00439nam a2200169 a 4500 | ||
|---|---|---|---|
| 005 | 20140310183507.0 | ||
| 008 | 100920s19uu xx 00 eng d | ||
| 020 | _a0553569651 | ||
| 050 |
_aPS 3527 _b.H785 1994 |
||
| 100 | _aHooper, Kay | ||
| 245 |
_aOn the wings of magic / _cKay Hooper. |
||
| 260 |
_aUnited Sates : _bBantam Books, _c1994. |
||
| 300 |
_a201 p. : _c18 cm. |
||
| 650 | _aFiction | ||
| 942 |
_cBK _2lcc |
||
| 999 |
_c24071 _d24071 |
||